| 000 | 00892cam a2200217 4500 | ||
|---|---|---|---|
| 001 | WB3842-10 | ||
| 008 | 021114n2002 000 0 eng u | ||
| 035 | _a(Sirsi) u120464 | ||
| 245 | _aExtra £70m annually for affordable housing | ||
| 260 | _c2002 | ||
| 490 |
_aODPM News Release _v(ODPM-121) 14 November 2002 (2) |
||
| 520 | _aNew proposals to amend local authority regulations on capital receipts could provide up to £70m annually for the provision of affordable housing. A consultation paper published 14 November, is proposing to assist councils to replace inefficient housing with modern properties suited to tenants needs. http://www.odpm.gov.uk/news/0211/0121.htm | ||
| 590 | _aWB | ||
| 650 |
_aAffordable housing _96215 |
||
| 650 | _aLOCAL AUTHORITIES | ||
| 650 | _aTENANTS | ||
| 650 | _aCAPITAL RECEIPTS | ||
| 650 | _aCONSULTATION | ||
| 690 | _aHOUSING | ||
| 942 | _n0 | ||
| 999 |
_c71569 _d71569 |
||